| 000 | 00347nam a2200121Ia 4500 | ||
|---|---|---|---|
| 008 | 230822s2007 xx 000 0 und d | ||
| 041 | _aeng | ||
| 082 | _a720.472 | ||
| 100 | _aCII | ||
| 245 | _aMANUAL ON ENERGY EFFICIENCY AT DESIGN STAGE ADB ENERGY EFFICIEENCY SUPPORT PROJECT | ||
| 260 |
_bCONFEDERATION OF INDIA INDUSTRA _c2007 |
||
| 300 | _a272 | ||
| 999 |
_c860498 _d860498 |
||